[Event "XV C.to Mondiale seniores"]
[Site "Lignano Sabbiadoro ITA"]
[Date "2005.10.07"]
[Round "9"]
[White "Miessner, Rolf"]
[Black "Thonig, Manfred"]
[Result "1/2-1/2"]
[WhiteElo "1773"]
[BlackElo "1836"]
[PlyCount "85"]
[EventDate "2005.09.28"]

1. e4 g6 2. d4 Bg7 3. Nc3 b6 4. Be2 e6 5. Be3 d6 6. Qd2 Nd7 7. Nf3 Bb7 8. Ng5
h6 9. Nh3 Ngf6 10. f3 Qe7 11. Nf2 a6 12. O-O-O b5 13. d5 Ne5 14. b3 b4 15. Na4
exd5 16. f4 Ned7 17. Qxb4 Bc6 18. e5 Bxa4 19. Qxa4 dxe5 20. fxe5 Qxe5 21. Qd4
Qd6 22. Kb1 Nh5 23. Qa4 O-O 24. Bxh5 Nc5 25. Qa3 d4 26. Bc1 gxh5 27. Ne4 Nxe4
28. Qxd6 Nc3+ 29. Ka1 cxd6 30. Rdf1 a5 31. a4 Rfe8 32. Rf3 Ra7 33. Rhf1 Rb8 34.
Kb2 Nxa4+ 35. Ka3 Nc3 36. Bd2 Ne4 37. Be1 d5 38. Rf5 Bf8+ 39. Ka2 Nc3+ 40. Bxc3
dxc3 41. R5f4 Re8 42. R1f2 Bb4 43. Rd4 1/2-1/2

[Event "XV C.to Mondiale seniores"]
[Site "Lignano Sabbiadoro ITA"]
[Date "2005.10.07"]
[Round "9"]
[White "Neudel, Bernd"]
[Black "Frank, Albert"]
[Result "1/2-1/2"]
[WhiteElo "1904"]
[BlackElo "2050"]
[PlyCount "61"]
[EventDate "2005.09.28"]

1. d4 c5 2. d5 d6 3. c4 e5 4. e4 Be7 5. Nc3 Bg5 6. Nf3 Bxc1 7. Rxc1 Nf6 8. h3
O-O 9. Be2 a6 10. O-O Bd7 11. Qc2 b5 12. cxb5 axb5 13. Bxb5 Bxb5 14. Nxb5 Rxa2
15. Ra1 Ra6 16. Nd2 Qb6 17. Nc3 Rd8 18. Ra3 Rxa3 19. bxa3 Qa6 20. a4 Nbd7 21.
Rb1 Ne8 22. Ra1 Rb8 23. Ra2 Nc7 24. f3 g6 25. Kf2 Rb4 26. Rb2 Kg7 27. Kg3 Nb6
28. Rxb4 cxb4 29. Na2 Qxa4 30. Qxa4 Nxa4 31. Nxb4 1/2-1/2

[Event "XV C.to Mondiale seniores"]
[Site "Lignano Sabbiadoro ITA"]
[Date "2005.10.07"]
[Round "9"]
[White "Ofstad, Per"]
[Black "Kaminik, Aleksandar"]
[Result "0-1"]
[WhiteElo "2164"]
[BlackElo "2278"]
[PlyCount "70"]
[EventDate "2005.09.28"]

1. e4 e6 2. d4 d5 3. exd5 exd5 4. Bd3 Bd6 5. Nf3 Nc6 6. c3 Nge7 7. O-O Bg4 8.
Re1 Qd7 9. Nbd2 O-O-O 10. b4 Ng6 11. Nf1 Nf4 12. Bxf4 Bxf4 13. Ne3 h5 14. b5
Ne7 15. Qa4 Kb8 16. Ne5 Bxe5 17. dxe5 d4 18. cxd4 Qxd4 19. Bc4 Ng6 20. Nc2 Qc5
21. Qb4 Qxb4 22. Nxb4 Be6 23. Bd3 Nf4 24. Be4 Rd2 25. Bf3 Bg4 26. Re3 Rhd8 27.
h3 Bf5 28. Rc1 Rb2 29. Rc4 g5 30. a3 Rdd2 31. Rec3 Rxf2 32. Bxb7 Ne2+ 33. Kxf2
Nxc3+ 34. Kg3 Ne2+ 35. Kh2 Kxb7 0-1

[Event "XV C.to Mondiale seniores"]
[Site "Lignano Sabbiadoro ITA"]
[Date "2005.10.07"]
[Round "9"]
[White "Olsen, Willy L."]
[Black "Sevenyuk, Alexey"]
[Result "1/2-1/2"]
[WhiteElo "2036"]
[BlackElo "1836"]
[PlyCount "58"]
[EventDate "2005.09.28"]

1. d4 Nf6 2. c4 e6 3. Nc3 d5 4. Nf3 Be7 5. e3 Nbd7 6. Bd3 dxc4 7. Bxc4 c5 8.
O-O cxd4 9. exd4 O-O 10. Qe2 a6 11. d5 exd5 12. Nxd5 Nxd5 13. Bxd5 Nf6 14. Bb3
Qc7 15. Bg5 Bg4 16. Rac1 Bxf3 17. Qxf3 Qe5 18. Qe3 Bd6 19. Qxe5 Bxe5 20. Bxf6
Bxf6 21. Bd5 Bxb2 22. Rb1 Bd4 23. Rxb7 Ra7 24. Rfb1 Rxb7 25. Rxb7 a5 26. a4 g6
27. h4 h5 28. g3 Kg7 29. Kg2 Kf6 1/2-1/2

[Event "XV C.to Mondiale seniores"]
[Site "Lignano Sabbiadoro ITA"]
[Date "2005.10.07"]
[Round "9"]
[White "Pipitone, Antonio"]
[Black "Scarpellini, Felice"]
[Result "1/2-1/2"]
[WhiteElo "2041"]
[BlackElo "1942"]
[PlyCount "70"]
[EventDate "2005.09.28"]

1. e4 d6 2. d4 g6 3. Be2 Bg7 4. Nf3 Bg4 5. h3 Bxf3 6. Bxf3 c6 7. O-O Nd7 8. c3
Qc7 9. Be3 e5 10. Na3 Ngf6 11. Nc4 O-O 12. dxe5 dxe5 13. a4 b5 14. axb5 cxb5
15. Na3 a6 16. Rc1 Nb6 17. Bxb6 Qxb6 18. Qb3 Rab8 19. Nc2 Rfd8 20. Rcd1 Nd7 21.
Ne3 Nf6 22. Nd5 Nxd5 23. Rxd5 Rxd5 24. exd5 Qd6 25. Rd1 h6 26. Qc2 f5 27. g3 e4
28. Bg2 Be5 29. b3 Kf7 30. c4 bxc4 31. Qxc4 Rb4 32. Qc2 Qb6 33. Qc8 Qd6 34. Qc2
Qb6 35. Qc8 Qd6 1/2-1/2

[Event "XV C.to Mondiale seniores"]
[Site "Lignano Sabbiadoro ITA"]
[Date "2005.10.07"]
[Round "9"]
[White "Profaizer, Gino"]
[Black "MacDonald-Ross, Michael"]
[Result "1-0"]
[WhiteElo "2017"]
[BlackElo "2233"]
[PlyCount "63"]
[EventDate "2005.09.28"]

1. d4 d5 2. Nf3 Nf6 3. c4 e6 4. cxd5 exd5 5. Nc3 c6 6. Bf4 Be7 7. Qc2 g6 8. e3
Bf5 9. Bd3 Bxd3 10. Qxd3 O-O 11. O-O Nbd7 12. h3 Re8 13. Rab1 a5 14. Bh2 Bf8
15. Nd2 Qe7 16. a3 Qe6 17. Rfc1 Ne4 18. Ncxe4 dxe4 19. Qc4 Nb6 20. Qxe6 Rxe6
21. b4 axb4 22. axb4 Nd5 23. b5 Ra2 24. bxc6 Rxc6 25. Rxc6 bxc6 26. Nxe4 f5 27.
Bd6 Bh6 28. Rb8+ Kf7 29. Nc5 Nxe3 30. Rb7+ Kg8 31. fxe3 Bxe3+ 32. Kh2 1-0

[Event "XV C.to Mondiale seniores"]
[Site "Lignano Sabbiadoro ITA"]
[Date "2005.10.07"]
[Round "9"]
[White "Recubini, Dante"]
[Black "Acunzo, Domenico"]
[Result "1/2-1/2"]
[WhiteElo "1481"]
[BlackElo "1828"]
[PlyCount "126"]
[EventDate "2005.09.28"]

1. e4 e6 2. d4 d5 3. Nc3 Bb4 4. Bd2 Ne7 5. Be2 dxe4 6. a3 Bxc3 7. Bxc3 O-O 8.
Bc4 Nd5 9. Bd2 Qh4 10. g3 Qf6 11. c3 h6 12. Qg4 Bd7 13. Qxe4 Bc6 14. Bd3 g6 15.
Qe5 Qxe5+ 16. dxe5 Nf4 17. Bxf4 Bxh1 18. Bxh6 Rd8 19. O-O-O Bc6 20. Bg5 Rd7 21.
Bf6 a5 22. h4 Na6 23. Bxa6 Rxd1+ 24. Kxd1 Rxa6 25. Bd8 Ba4+ 26. Kc1 c5 27. Nf3
b5 28. Nd2 b4 29. Nc4 bxc3 30. bxc3 Ra8 31. Bxa5 Bb3 32. Nd2 Rxa5 33. Nxb3 Rxa3
34. Kb2 Ra4 35. Nxc5 Rc4 36. Nd3 Kf8 37. Kb3 Rc8 38. f4 Ke7 39. c4 Rb8+ 40. Nb4
Kd7 41. Kc3 Ra8 42. Kb2 Ra4 43. Kb3 Ra1 44. Nd3 Rg1 45. Nc5+ Kc6 46. Ne4 Re1
47. Ng5 Re3+ 48. Kb4 Rxg3 49. Nxf7 Rg4 50. Nh8 Rxh4 51. Nxg6 Rh7 52. Nf8 Re7
53. Ng6 Re8 54. Nh4 Rb8+ 55. Kc3 Kc5 56. Nf3 Rb4 57. Nd2 Rb8 58. Ne4+ Kc6 59.
Ng5 Re8 60. Kb4 Rb8+ 61. Kc3 Re8 62. Kb4 Re7 63. Kc3 Re8 1/2-1/2

[Event "XV C.to Mondiale seniores"]
[Site "Lignano Sabbiadoro ITA"]
[Date "2005.10.07"]
[Round "9"]
[White "Rosenfeld, Imre"]
[Black "Norrito, Salvatore"]
[Result "1-0"]
[WhiteElo "2047"]
[BlackElo "1625"]
[PlyCount "161"]
[EventDate "2005.09.28"]

1. d4 d5 2. Nf3 Bf5 3. c4 Nf6 4. Qb3 b6 5. e3 e6 6. cxd5 exd5 7. Ne5 c6 8. Nd2
Bd6 9. Ndf3 O-O 10. Bd2 c5 11. g3 c4 12. Qd1 Ne4 13. Nh4 Be6 14. Nef3 Nd7 15.
Be2 Bh3 16. Ng1 Be6 17. Bf1 a5 18. Nhf3 Ndf6 19. Bg2 Rc8 20. Ne2 b5 21. O-O b4
22. Rc1 Nxd2 23. Nxd2 Qd7 24. e4 dxe4 25. Nxe4 Nxe4 26. Bxe4 f5 27. Bg2 f4 28.
d5 Bg4 29. f3 Bh5 30. Kh1 fxg3 31. hxg3 Rf6 32. Kg1 Qa7+ 33. Kh2 Rh6 34. Bh3
Bf7 35. Kg2 Rc7 36. Nd4 Qc5 37. Ne6 Bxe6 38. Bxe6+ Kh8 39. Qa4 Rf6 40. Rh1 h6
41. Qe8+ Bf8 42. Rhe1 c3 43. bxc3 bxc3 44. Qa4 Rb7 45. Qe4 Rb4 46. Qd3 Rb2+ 47.
Rc2 Qb4 48. Ree2 Be7 49. g4 Rxc2 50. Rxc2 Rf8 51. Qxc3 Qf4 52. Bf5 Bh4 53. Be4
Qg3+ 54. Kf1 Qh3+ 55. Kg1 Qg3+ 56. Rg2 Qf4 57. Qd2 Qe5 58. Qb2 Qd6 59. Qc3 Qb6+
60. Kh1 Bf6 61. Qc6 Qb4 62. Re2 Rd8 63. Bf5 Qf8 64. Bg6 Be7 65. Kg2 Rd6 66. Qc7
Rxg6 67. Qxe7 Qf4 68. Qe8+ Kh7 69. Qe4 Qd6 70. Rc2 Qd7 71. Rc6 Qf7 72. Kg3 h5
73. Qxg6+ Qxg6 74. Rxg6 Kxg6 75. gxh5+ Kf6 76. Kf4 a4 77. a3 g5+ 78. hxg6 Kxg6
79. Ke5 Kf7 80. Kd6 Ke8 81. Kc7 1-0

[Event "XV C.to Mondiale seniores"]
[Site "Lignano Sabbiadoro ITA"]
[Date "2005.10.07"]
[Round "9"]
[White "Rotelli, Pietro"]
[Black "Davydov, Mikhail"]
[Result "0-1"]
[WhiteElo "2001"]
[BlackElo "2144"]
[PlyCount "96"]
[EventDate "2005.09.28"]

1. d4 Nf6 2. c4 g6 3. Nc3 d5 4. Nf3 Bg7 5. e3 O-O 6. Bd2 Re8 7. Qb3 c6 8. Ne5
Nbd7 9. cxd5 Nxe5 10. dxe5 Nxd5 11. Nxd5 cxd5 12. Bc3 e6 13. Bb5 Bd7 14. Bxd7
Qxd7 15. O-O Rec8 16. Rac1 b6 17. Bd4 Rc7 18. Rc3 Rxc3 19. Bxc3 Rc8 20. Rd1 Qc6
21. f4 Qc4 22. Qxc4 Rxc4 23. Rd4 b5 24. Rxc4 bxc4 25. Kf2 Kf8 26. e4 Ke7 27.
Ke3 Kd7 28. Kd4 Kc6 29. exd5+ exd5 30. b3 cxb3 31. axb3 Bh6 32. g3 Bf8 33. g4
Bc5+ 34. Kd3 h5 35. gxh5 gxh5 36. Bd4 a6 37. f5 Ba3 38. h3 Bf8 39. Be3 Bg7 40.
Bf4 Bf8 41. f6 Kd7 42. Kd4 Ke6 43. Bd2 Ba3 44. Bc3 Bc1 45. b4 Bf4 46. Kc5 Be3+
47. Bd4 Bxd4+ 48. Kxd4 h4 0-1

[Event "XV C.to Mondiale seniores"]
[Site "Lignano Sabbiadoro ITA"]
[Date "2005.10.07"]
[Round "9"]
[White "Samarian, Cornel"]
[Black "Gennari, Giuseppe"]
[Result "1-0"]
[WhiteElo "1673"]
[BlackElo "1619"]
[PlyCount "81"]
[EventDate "2005.09.28"]

1. c4 c5 2. Nc3 Nc6 3. g3 Nf6 4. Bg2 e6 5. e4 g6 6. Nge2 Bg7 7. O-O O-O 8. a3
d6 9. d3 e5 10. h3 Be6 11. Rb1 Qd7 12. Kh2 Rab8 13. b4 b6 14. Nd5 Qd8 15. Be3
Bd7 16. Qd2 Nxd5 17. cxd5 Nd4 18. Nxd4 cxd4 19. Bh6 f5 20. Bxg7 Kxg7 21. f4 Rc8
22. Rbc1 Qe7 23. Rxc8 Rxc8 24. Rc1 Qf8 25. Bf1 Qd8 26. Be2 Rc7 27. Bd1 Qc8 28.
Rb1 Rc3 29. a4 fxe4 30. dxe4 Bxh3 31. fxe5 dxe5 32. Qg5 Qd7 33. Qxe5+ Kh6 34.
Qxd4 Bf1 35. g4 Rd3 36. Qf6 Rxd1 37. Rxd1 Be2 38. Qf4+ Kg7 39. Rd2 Bxg4 40. Rf2
h5 41. Qg5 1-0

[Event "XV C.to Mondiale seniores"]
[Site "Lignano Sabbiadoro ITA"]
[Date "2005.10.07"]
[Round "9"]
[White "Schumacher, Helmut"]
[Black "Kummer, Heinz"]
[Result "1-0"]
[WhiteElo "2119"]
[BlackElo "1998"]
[PlyCount "105"]
[EventDate "2005.09.28"]

1. d4 Nf6 2. Nc3 d6 3. e4 g6 4. Nge2 Bg7 5. g3 O-O 6. Bg2 Nc6 7. h3 e5 8. Be3
a6 9. a4 b6 10. O-O Bb7 11. d5 Ne7 12. Qd2 Kh8 13. Bh6 Nfg8 14. Bxg7+ Kxg7 15.
g4 Bc8 16. Ng3 Bd7 17. f4 f6 18. fxe5 dxe5 19. Rad1 Nc8 20. b3 Nd6 21. Rf2 Qe7
22. Rdf1 Rf7 23. Nd1 Raf8 24. Ne3 Bc8 25. c4 a5 26. c5 bxc5 27. Qxa5 Nb7 28.
Qc3 h6 29. a5 Qd8 30. a6 Nd6 31. a7 Nb5 32. Qxc5 Bd7 33. Ra1 Qa8 34. Bf1 Nd4
35. Bc4 Rc8 36. Qb4 Rcf8 37. d6 Be6 38. Bxe6 Nxe6 39. Nd5 cxd6 40. Nb6 Qb7 41.
a8=Q Rxa8 42. Rxa8 Nf4 43. Rc2 Nxh3+ 44. Kh2 Ng5 45. Rcc8 Ne7 46. Rcb8 Qc6 47.
Qc4 Qc5 48. Qxc5 dxc5 49. Nd5 Nf3+ 50. Kg2 Nd4 51. Re8 Ndc6 52. Nxe7 Nxe7 53.
Ra7 1-0

[Event "XV C.to Mondiale seniores"]
[Site "Lignano Sabbiadoro ITA"]
[Date "2005.10.07"]
[Round "9"]
[White "Schwertel, Johann"]
[Black "Filzmaier, Bruno"]
[Result "0-1"]
[WhiteElo "2068"]
[BlackElo "1970"]
[PlyCount "86"]
[EventDate "2005.09.28"]

1. d4 e6 2. Nf3 d5 3. Bf4 Nf6 4. e3 Nbd7 5. c3 c5 6. Nbd2 a6 7. Be2 b5 8. Ne5
Bb7 9. O-O Be7 10. Rc1 O-O 11. Ndf3 c4 12. Nxd7 Nxd7 13. Ne5 f6 14. Nxd7 Qxd7
15. Bg4 Bd6 16. Re1 Rfe8 17. Bg3 Qc7 18. Bf3 f5 19. Qd2 Rf8 20. Bxd6 Qxd6 21.
g3 Bc6 22. Bg2 Rad8 23. f3 Rf7 24. e4 dxe4 25. fxe4 e5 26. d5 fxe4 27. Bxe4
Bxd5 28. Qe3 Bxe4 29. Qxe4 Qd2 30. Rc2 Qd3 31. Rce2 Re7 32. Qh4 Rde8 33. Qg5 h6
34. Qh5 Qd5 35. g4 Qc5+ 36. Kg2 Qc6+ 37. Kg3 Rf8 38. Re3 Qf6 39. Kg2 Qf2+ 40.
Kh1 Rf4 41. Rxe5 Qf3+ 42. Kg1 Rxg4+ 43. Qxg4 Qxg4+ 0-1

[Event "XV C.to Mondiale seniores"]
[Site "Lignano Sabbiadoro ITA"]
[Date "2005.10.07"]
[Round "9"]
[White "Serra Olives, Tomas"]
[Black "Ginsberger, Alexander"]
[Result "0-1"]
[WhiteElo "2128"]
[BlackElo "2276"]
[PlyCount "96"]
[EventDate "2005.09.28"]

1. e4 e6 2. d4 d5 3. Nc3 Bb4 4. e5 c5 5. a3 Bxc3+ 6. bxc3 Qc7 7. Qg4 f5 8. Qg3
cxd4 9. cxd4 Ne7 10. Nh3 O-O 11. c3 b6 12. Nf4 Qd7 13. h4 Ba6 14. Bxa6 Nxa6 15.
h5 Rf7 16. h6 g6 17. Nh5 Qc6 18. Bg5 Kf8 19. Nf4 Rc8 20. Kf1 Ke8 21. Kg1 Kd7
22. Rc1 Nc7 23. Bxe7 Rxe7 24. Qg5 Rf8 25. a4 Qxa4 26. Rh3 Qc6 27. Rd3 a5 28. g4
Ref7 29. Ng2 fxg4 30. Ne3 Rxf2 31. Nxg4 R2f5 32. Qd2 Kd8 33. Nf6 Rf7 34. Qb2 b5
35. Qa3 Qb6 36. Rd2 Rxe5 37. Ng4 Re4 38. Rg2 b4 39. Qb2 e5 40. Nf2 exd4 41.
cxb4 d3 42. Qh8+ Re8 43. Qc3 axb4 44. Qxd3 Re3 45. Qd2 Ref3 46. Qg5+ R7f6 47.
Rf1 b3 48. Qh4 b2 0-1

[Event "XV C.to Mondiale seniores"]
[Site "Lignano Sabbiadoro ITA"]
[Date "2005.10.07"]
[Round "9"]
[White "Seuss, Oswald"]
[Black "Gerenski, Hristo"]
[Result "1/2-1/2"]
[WhiteElo "2080"]
[BlackElo "2192"]
[PlyCount "87"]
[EventDate "2005.09.28"]

1. e4 c5 2. Nf3 e6 3. d4 cxd4 4. Nxd4 a6 5. Bd3 Nf6 6. O-O d6 7. c4 g6 8. Nc3
Be7 9. Be3 b6 10. f3 O-O 11. Qd2 Re8 12. Rfd1 Bb7 13. Bf1 Bf8 14. Rac1 Nbd7 15.
Nc2 Qc7 16. Qf2 Rab8 17. Ne1 Ba8 18. b3 Be7 19. Nd3 Qb7 20. Nf4 Ne5 21. Be2
Nfd7 22. Nd3 Nc6 23. f4 Bf8 24. Bf3 Qa7 25. h4 Nc5 26. h5 Bg7 27. hxg6 fxg6 28.
Nxc5 dxc5 29. e5 Ne7 30. Ne4 Bxe4 31. Bxe4 Rf8 32. Qh4 Rbd8 33. Qg4 Kf7 34. Bf2
Qc7 35. g3 Rxd1+ 36. Rxd1 Rd8 37. Qe2 Nf5 38. Rd3 Nd4 39. Qd1 Bf8 40. Kg2 Qd7
41. Be3 Be7 42. Qh1 Kg7 43. Kf2 b5 44. Qc1 1/2-1/2

[Event "XV C.to Mondiale seniores"]
[Site "Lignano Sabbiadoro ITA"]
[Date "2005.10.07"]
[Round "9"]
[White "Siegmund, Rainer"]
[Black "Zelkind, Eduard"]
[Result "1/2-1/2"]
[WhiteElo "2128"]
[BlackElo "2257"]
[PlyCount "61"]
[EventDate "2005.09.28"]

1. d4 Nf6 2. c4 d6 3. Nf3 g6 4. Nc3 Bg7 5. e4 O-O 6. Be2 e5 7. O-O Nc6 8. d5
Ne7 9. b4 a5 10. Ba3 b6 11. bxa5 Rxa5 12. Bb4 Ra8 13. a4 Bd7 14. Nd2 Ne8 15.
Nb5 f5 16. f3 Bh6 17. Qb3 Kh8 18. Bd3 Be3+ 19. Kh1 f4 20. Ra2 Ng8 21. Rfa1 Ngf6
22. Nf1 Bc5 23. a5 Bxb4 24. Qxb4 bxa5 25. Rxa5 Rxa5 26. Qxa5 Bxb5 27. cxb5 Nd7
28. Qe1 Qb8 29. Nd2 Nb6 30. Bf1 Nf6 31. Ra3 1/2-1/2

[Event "XV C.to Mondiale seniores"]
[Site "Lignano Sabbiadoro ITA"]
[Date "2005.10.07"]
[Round "9"]
[White "Somogyi, Istvan"]
[Black "Belloni, Umberto"]
[Result "1-0"]
[WhiteElo "2242"]
[BlackElo "1910"]
[PlyCount "103"]
[EventDate "2005.09.28"]

1. d4 d5 2. c4 c6 3. Nf3 Bf5 4. Nc3 e6 5. Bf4 Bd6 6. Bg3 Nf6 7. e3 Ne4 8. Bxd6
Qxd6 9. Qb3 Qc7 10. Rc1 Nxc3 11. Rxc3 Qb6 12. c5 Qc7 13. Qa4 Nd7 14. b4 O-O 15.
b5 Rfb8 16. Be2 Be4 17. O-O Bxf3 18. Bxf3 a6 19. bxc6 bxc6 20. Rb3 Rxb3 21.
axb3 Qb7 22. Ra1 Rb8 23. Bd1 Ra8 24. Qa5 g6 25. g3 Kg7 26. Ra4 Qb5 27. Qxb5
cxb5 28. Ra1 a5 29. Be2 b4 30. Bb5 Nb8 31. c6 Ra7 32. Rxa5 Rc7 33. Ra4 Nxc6 34.
Bxc6 Rxc6 35. Rxb4 h5 36. h4 Kf6 37. Rb7 Rc1+ 38. Kg2 Rb1 39. Kf3 Rb2 40. b4
Kg7 41. b5 Kf6 42. b6 e5 43. dxe5+ Kxe5 44. Rxf7 Rxb6 45. g4 Ke6 46. Rf8 hxg4+
47. Kxg4 Ke7 48. Rf4 Rb1 49. Kg5 Rb6 50. Kh6 Re6 51. Kg7 Kd6 52. Rf6 1-0

[Event "XV C.to Mondiale seniores"]
[Site "Lignano Sabbiadoro ITA"]
[Date "2005.10.07"]
[Round "9"]
[White "Standal, Bard"]
[Black "Cleal, John"]
[Result "0-1"]
[WhiteElo "1937"]
[BlackElo "2035"]
[PlyCount "76"]
[EventDate "2005.09.28"]

1. e4 c5 2. Nf3 Nc6 3. d3 g6 4. Nbd2 Bg7 5. g3 d6 6. Bg2 Nf6 7. O-O O-O 8. Re1
Bd7 9. c3 b5 10. Qe2 e5 11. Nf1 a5 12. h3 Qc8 13. Kh2 a4 14. Be3 a3 15. b3 Nh5
16. Rac1 Qe8 17. Qd2 f5 18. Bh6 f4 19. Bxg7 Kxg7 20. g4 Nf6 21. Ng1 g5 22. Bf3
h5 23. Kg2 hxg4 24. hxg4 Nxg4 25. Bxg4 Bxg4 26. f3 Be6 27. Nh2 Qh5 28. Kf1 Rh8
29. Re2 Kf6 30. Rg2 Rh7 31. Ng4+ Bxg4 32. fxg4 Qh1 33. Qf2 Rah8 34. Rc2 Kg6 35.
Ke1 b4 36. d4 exd4 37. cxd4 Nxd4 38. e5 dxe5 0-1

[Event "XV C.to Mondiale seniores"]
[Site "Lignano Sabbiadoro ITA"]
[Date "2005.10.07"]
[Round "9"]
[White "Taksrud, Vidar"]
[Black "Karl, Hans"]
[Result "1-0"]
[WhiteElo "2049"]
[BlackElo "2290"]
[PlyCount "43"]
[EventDate "2005.09.28"]

1. Nf3 Nf6 2. g3 g6 3. Bg2 Bg7 4. O-O O-O 5. c4 d6 6. d4 c6 7. Nc3 Nbd7 8. h3
e5 9. Bg5 Qc7 10. Rc1 Re8 11. Qd2 Nf8 12. Bh6 Bh8 13. Rfd1 Bf5 14. c5 dxc5 15.
dxe5 Rad8 16. Qf4 Rxd1+ 17. Rxd1 N6d7 18. g4 Be6 19. Ne4 Bxe5 20. Nxe5 Bd5 21.
Nxd7 Qxf4 22. Nef6+ 1-0

[Event "XV C.to Mondiale seniores"]
[Site "Lignano Sabbiadoro ITA"]
[Date "2005.10.07"]
[Round "9"]
[White "Tavcar, Rado"]
[Black "Haug, Sverre"]
[Result "1-0"]
[WhiteElo "2110"]
[BlackElo "1924"]
[PlyCount "120"]
[EventDate "2005.09.28"]

1. e4 e6 2. d4 b6 3. c4 Bb7 4. Nc3 Bb4 5. f3 Bxc3+ 6. bxc3 d5 7. cxd5 exd5 8.
e5 Ne7 9. Bd3 Qd7 10. f4 Ba6 11. Bc2 c5 12. Nf3 O-O 13. Kf2 Nbc6 14. Re1 g6 15.
Kg1 h6 16. h3 Kg7 17. Kh2 cxd4 18. Nxd4 Nxd4 19. Qxd4 Kh7 20. Ba3 Rfd8 21. g4
Rac8 22. Ba4 b5 23. Bb3 Nc6 24. Qd2 Na5 25. Bb4 Nc4 26. Qd4 Rc6 27. a4 Rc7 28.
Ra2 Ra8 29. a5 Re8 30. Rae2 Bc8 31. Bc2 Rc6 32. f5 Qd8 33. Qxa7 Rc7 34. Qd4 Rc6
35. e6 fxe6 36. fxg6+ Kg8 37. Rf1 e5 38. Qf2 Be6 39. a6 Rxa6 40. Qc5 Qd7 41.
Ref2 Nd6 42. Qe3 Qg7 43. Rf6 e4 44. Qf4 Nc4 45. Rf7 Qe5 46. Qxe5 Nxe5 47. R7f6
Ra2 48. R1f2 Raa8 49. Bb3 Rad8 50. Kg3 Kg7 51. Ba5 Rd7 52. Bb6 Nf3 53. R2xf3
exf3 54. Bd4 Kg8 55. Kxf3 Rf8 56. Rxf8+ Kxf8 57. Bc5+ Kg8 58. h4 Kg7 59. h5 Ra7
60. Kf4 Kg8 1-0

[Event "XV C.to Mondiale seniores"]
[Site "Lignano Sabbiadoro ITA"]
[Date "2005.10.07"]
[Round "9"]
[White "Titz, Herbert"]
[Black "Zurel, Maxim"]
[Result "1-0"]
[WhiteElo "2079"]
[BlackElo "1945"]
[PlyCount "73"]
[EventDate "2005.09.28"]

1. e4 c6 2. Nc3 d5 3. Nf3 Bg4 4. h3 Bxf3 5. Qxf3 d4 6. Ne2 e5 7. Ng3 Nf6 8. Bc4
g6 9. c3 b5 10. Be2 Bg7 11. a4 b4 12. cxb4 O-O 13. b5 a6 14. bxc6 Nxc6 15. O-O
Nb4 16. d3 Nc2 17. Rb1 a5 18. Bd1 Rc8 19. Qe2 Nb4 20. Bb3 Nd7 21. Bc4 Nb6 22.
b3 Re8 23. f4 Rc7 24. f5 Qh4 25. fxg6 hxg6 26. Rf3 Nd7 27. Bxf7+ Kf8 28. Bxg6+
Nf6 29. Bxe8 Rc2 30. Qf1 Kxe8 31. Nf5 Qh7 32. Nxg7+ Qxg7 33. Rxf6 Nxd3 34. Bh6
Rxg2+ 35. Qxg2 Qxf6 36. Qg8+ Ke7 37. Bg5 1-0

[Event "XV C.to Mondiale seniores"]
[Site "Lignano Sabbiadoro ITA"]
[Date "2005.10.07"]
[Round "9"]
[White "Van den Berg, Adrianus M.J."]
[Black "Rosino, Antonio"]
[Result "1/2-1/2"]
[WhiteElo "2298"]
[BlackElo "2285"]
[PlyCount "53"]
[EventDate "2005.09.28"]

1. e4 e5 2. Nf3 Nc6 3. Bb5 a6 4. Ba4 Nf6 5. Nc3 b5 6. Bb3 Be7 7. d3 d6 8. Nd5
Na5 9. Nxe7 Qxe7 10. O-O O-O 11. Bg5 h6 12. Bh4 Bg4 13. h3 Bh5 14. g4 Bg6 15.
Kg2 Nxb3 16. axb3 Qe6 17. Bxf6 Qxf6 18. Qd2 d5 19. Rfe1 dxe4 20. dxe4 Qc6 21.
Qe2 f6 22. b4 Rfd8 23. Nh4 Bh7 24. Nf5 Bxf5 25. gxf5 Qd6 26. c3 Qd2 27. Qxd2
1/2-1/2

[Event "XV C.to Mondiale seniores"]
[Site "Lignano Sabbiadoro ITA"]
[Date "2005.10.07"]
[Round "9"]
[White "Vasiukov, Evgeni A."]
[Black "Klundt, Klaus"]
[Result "1/2-1/2"]
[WhiteElo "2495"]
[BlackElo "2382"]
[PlyCount "91"]
[EventDate "2005.09.28"]

1. e4 c5 2. Nf3 Nc6 3. Bb5 d6 4. O-O Bd7 5. c3 Nf6 6. Re1 a6 7. Bf1 Bg4 8. d4
cxd4 9. cxd4 e5 10. d5 Nd4 11. Be3 Nxf3+ 12. gxf3 Bd7 13. a4 Be7 14. Nd2 O-O
15. Nc4 Nh5 16. Nb6 Rb8 17. Qd2 Nf4 18. a5 Bg5 19. Ra3 f5 20. Qc2 Bb5 21. Bxb5
axb5 22. exf5 Bh6 23. Bxf4 Bxf4 24. Rc3 h5 25. h3 Qg5+ 26. Kh1 Qh4 27. Kg2 Qg5+
28. Kf1 Bd2 29. h4 Qh6 30. Nd7 Bxc3 31. bxc3 Rbc8 32. Nxf8 Kxf8 33. Re4 Rc5 34.
f4 Rxd5 35. c4 Rc5 36. Qb2 Qf6 37. fxe5 dxe5 38. Qb4 Qd6 39. cxb5 Qd5 40. b6
Kf7 41. Kg2 Rxa5 42. f3 Rb5 43. Qc3 Rc5 44. Qe3 Rb5 45. Kg3 Qc5 46. Qg5 1/2-1/2

[Event "XV C.to Mondiale seniores"]
[Site "Lignano Sabbiadoro ITA"]
[Date "2005.10.07"]
[Round "9"]
[White "Villing, Dieter"]
[Black "Titz, Heimo"]
[Result "1/2-1/2"]
[WhiteElo "2259"]
[BlackElo "2184"]
[PlyCount "111"]
[EventDate "2005.09.28"]

1. e4 c5 2. Nc3 Nc6 3. f4 g6 4. Nf3 Bg7 5. Bb5 Nd4 6. Nxd4 cxd4 7. Ne2 a6 8.
Ba4 e6 9. O-O Ne7 10. d3 O-O 11. c4 d6 12. Qe1 f5 13. Ng3 e5 14. Bd2 Be6 15.
Rc1 Rc8 16. a3 b6 17. b4 Kh8 18. fxe5 dxe5 19. c5 b5 20. Bd1 f4 21. Nh1 Qd7 22.
Nf2 Ng8 23. Bf3 Nf6 24. Qe2 g5 25. h3 Rg8 26. Ng4 Nxg4 27. Bxg4 Bxg4 28. Qxg4
Qxg4 29. hxg4 Rc6 30. Kf2 Ra8 31. Rh1 Kg8 32. Rh5 h6 33. Rhh1 Kf7 34. Rc2 Ke6
35. Ra1 h5 36. gxh5 Rh8 37. Rh1 g4 38. Rh4 Bf6 39. Rxg4 Rxh5 40. Rc1 Rh8 41.
Kf3 Kf7 42. Rg1 Rh2 43. Be1 Rc8 44. Bf2 a5 45. g3 axb4 46. axb4 fxg3 47. R4xg3
Ra8 48. R3g2 Rxg2 49. Kxg2 Ra2 50. Kf3 Rd2 51. Ra1 Rxd3+ 52. Kg4 Rb3 53. Ra7+
Kg6 54. Ra6 Kf7 55. Ra7+ Kg6 56. Ra6 1/2-1/2

[Event "XV C.to Mondiale seniores"]
[Site "Lignano Sabbiadoro ITA"]
[Date "2005.10.07"]
[Round "9"]
[White "Viner, Phillip J."]
[Black "Chernikov, Oleg L."]
[Result "0-1"]
[WhiteElo "2144"]
[BlackElo "2410"]
[PlyCount "92"]
[EventDate "2005.09.28"]

1. d4 Nf6 2. Nf3 c6 3. c4 b5 4. e3 bxc4 5. Bxc4 Ba6 6. Nbd2 d5 7. Bxa6 Nxa6 8.
Qa4 Qb6 9. Ne5 Rc8 10. O-O e6 11. a3 Qb5 12. Qb3 Qxb3 13. Nxb3 c5 14. dxc5 Nxc5
15. Nxc5 Rxc5 16. Nd3 Rc4 17. Bd2 Ne4 18. Rfd1 Be7 19. Bb4 f6 20. f3 Nd6 21.
Rac1 Kf7 22. b3 Rcc8 23. Kf2 Nb7 24. Ke2 a5 25. Bxe7 Kxe7 26. Kd2 Kd6 27. Rxc8
Rxc8 28. Rc1 Rb8 29. Rc2 Nd8 30. b4 Nc6 31. Rb2 axb4 32. axb4 e5 33. Kc3 f5 34.
h4 Rc8 35. Kd2 e4 36. Nf4 Ra8 37. Ke2 Rb8 38. Kd2 Rxb4 39. Rc2 Rb8 40. Ne2 Ra8
41. h5 g6 42. h6 Ra1 43. Nc1 Ne5 44. Ke2 Rb1 45. Kd2 exf3 46. gxf3 Nxf3+ 0-1

[Event "XV C.to Mondiale seniores"]
[Site "Lignano Sabbiadoro ITA"]
[Date "2005.10.07"]
[Round "9"]
[White "Wagner, Carl E."]
[Black "Araujo, Mario Augusto Reis Da Silva"]
[Result "1-0"]
[WhiteElo "2189"]
[BlackElo "1957"]
[PlyCount "155"]
[EventDate "2005.09.28"]

1. e4 c5 2. Nf3 d6 3. d4 cxd4 4. Qxd4 Nc6 5. Bb5 a6 6. Bxc6+ bxc6 7. c4 Nf6 8.
Nc3 e5 9. Qd3 Be7 10. O-O O-O 11. Rd1 Qc7 12. b3 Rd8 13. Bg5 h6 14. Be3 Kh7 15.
Rac1 a5 16. h3 Be6 17. Ne1 g5 18. f3 Nh5 19. Ne2 Nf4 20. Nxf4 gxf4 21. Bf2 Rg8
22. Kh2 Rg6 23. Rc2 Rag8 24. Qf1 Kh8 25. a3 Qb7 26. Qd3 c5 27. Rb2 Qc8 28. Rbd2
f5 29. Qc3 Qc7 30. Qd3 fxe4 31. fxe4 Bc8 32. Qf3 Qb7 33. Re2 Be6 34. Qc3 Qc7
35. Red2 Kh7 36. Re2 Bd7 37. Red2 Bc8 38. Re2 Bb7 39. Rb1 Ba6 40. a4 Bb7 41.
Qf3 Qb8 42. Rd1 R8g7 43. Rdd2 Qa8 44. Rd3 Qg8 45. Red2 Rf7 46. Re2 Qa8 47. Rdd2
Rfg7 48. Rd3 Bc6 49. Rdd2 Rg3 50. Bxg3 Rxg3 51. Qh5 Bxe4 52. Qf7+ Rg7 53. Qe6
Qc6 54. Rf2 Qc7 55. Rde2 Bb1 56. Qd5 Bh4 57. Rf1 Bg3+ 58. Kh1 Bf5 59. Nf3 Re7
60. Rd1 Re6 61. Rf1 Qe7 62. Rd1 e4 63. Qxf5+ Kh8 64. Nd2 e3 65. Nf1 Bf2 66.
Qxf4 Rf6 67. Qg4 Qe5 68. Nxe3 Rf4 69. Qc8+ Kh7 70. Qd7+ Kh8 71. Qxd6 Qg5 72.
Ng4 Bh4 73. Re5 Rf5 74. Rxf5 Qxf5 75. Qxh6+ Kg8 76. Qxh4 Qc2 77. Rd8+ Kf7 78.
Qf6# 1-0